000 00725nam a2200181 a 4500
008 120416s2003 ||||||||||||||||| || u
020 _a1552500012
050 _aHC 79.I55 Inf
100 _aThioune, Ramata Molo
245 1 0 _aInformation and communication technologies for... vol. 1
_cedited by Ramata Molo Thioune
246 _aopportunities and challenges for community development
260 _aOttawa
_bIDRC
_c2003
300 _axviii, 117p. : ill.
350 _a0.00
650 _aINFORMATION TECHNOLOGY IN COMMUNITY DEVELOPMENT
650 _aINFORMATION
995 _D0.00
_FCBU-MAIN LIBRARY (Kitwe)
_H1
_I25.00
_M1
_UAVAILABLE
_ZMain Library Open Access Collection
999 _c46857
_d46857